|
|
|
|
| LEADER |
01504nam a2200313 a 4500 |
| 001 |
16520 |
| 003 |
BD-DhAAL |
| 008 |
090629r19981977 nyua b 000 0 eng d |
| 010 |
|
|
|a 77077289
|
| 020 |
|
|
|a 0870702823 (pbk.)
|
| 020 |
|
|
|a 01810960230
|
| 040 |
|
|
|a DLC
|c DLC
|d DLC
|d BD-DhAAL
|
| 082 |
0 |
0 |
|a 720.1
|2 16
|
| 100 |
1 |
|
|a Venturi, Robert.
|9 31742
|
| 245 |
1 |
0 |
|a Complexity and contradiction in architecture /
|c Robert Venturi ; with an introduction by Vincent Scully.
|
| 250 |
|
|
|a Second edition.
|
| 260 |
|
|
|a New York :
|b Museum of Modern Art ;
|a Boston :
|b distributed by New York Graphic Society,
|c 1977 [reprinted 1998].
|
| 300 |
|
|
|a 132 pages :
|b illustrations ;
|c 23 x 29 cm.
|
| 490 |
1 |
|
|a The Museum of Modern Art papers on architecture
|
| 504 |
|
|
|a Includes bibliographical references.
|
| 526 |
|
|
|a ARC
|x Huraera Jabeen
Faculty member of Architecture (ARC)
Course Title and No. : N/A
|
| 541 |
1 |
|
|a Zeenat Book Supply Limited
|e 16520
|
| 650 |
|
0 |
|a Architecture
|x Composition, proportion, etc.
|9 31743
|
| 710 |
2 |
|
|a Museum of Modern Art (New York, N.Y.)
|9 31744
|
| 830 |
|
|
|a The Museum of Modern Art papers on architecture
|9 57267
|
| 852 |
4 |
|
|a Ayesha Abed Library
|c General Stcaks
|
| 942 |
|
|
|2 ddc
|c BK
|
| 999 |
|
|
|c 1888
|d 1888
|
| 952 |
|
|
|0 0
|1 0
|2 ddc
|4 0
|6 720_100000000000000_VEN
|7 0
|9 1731
|a BRACUL
|b BRACUL
|c GEN
|d 2009-06-29
|e Zeenat Book Supply Limited
|g 1253.00
|l 4
|m 4
|o 720.1 VEN
|p 3010016520
|r 2021-12-23
|s 2021-12-15
|t 1
|w 2009-06-29
|y BK
|x Requisitioned by Huraera Jabeen, Faculty member of Architecture (ARC).
|